Pętle i przystanki końcowe MKS Sanok - Statystyki

Ogólne statystyki
  • Ten quiz został rozwiązany 14 razy
  • Średni wynik to 12 z 32
Statystyki odpowiedzi
Odpowiedź % Poprawnych
Dąbrówka
90%
Bykowce
80%
Czerteż
70%
Zabłotce
70%
Bukowsko
60%
Olchowce kościół
60%
Sanoczek
60%
Wujskie góra
60%
Zagórz dworzec
60%
Autosan
50%
Biała góra
50%
Łany
50%
Stróżowska stadion
50%
Wilcza
50%
Beksińskiego
40%
Stróżowska działki
40%
Trepcza ujęcie
30%
Wójtostwo SPGK
30%
Wola Piotrowa
30%
Zagórz kościół
30%
Zawadka
30%
Łany pętla
20%
Olchowce stomil
20%
Ustronie cmentarz
20%
Wygnanka
20%
Zagórz Wielopole
20%
Cmentarz Centralny
10%
Olchowce cmentarz
10%
Wola Sękowa
10%
Zagórz Zasław Kościół
10%
Rymanowska
0%
Zagórz Zasław Ujęcie
0%
Nie znaleziono quizów pasujących do podanych kryteriów
Rozkład punktacji
Procent ludzi z każdym wynikiem
Percentyl według liczby udzielonych odpowiedzi
Twoja historia wyników
Nie rozwiązałeś tego quizu